La extincion de los contratos bancarios de apertura de credito / (Registro nro. 49742)

Detalles MARC
000 -LEADER
fixed length control field 01483nam a2200325 4500
001 - CONTROL NUMBER
control field 0000020475
003 - CONTROL NUMBER IDENTIFIER
control field CO-CtgCURN
005 - DATE AND TIME OF LATEST TRANSACTION
control field 20250828152809.0
008 - FIXED-LENGTH DATA ELEMENTS--GENERAL INFORMATION
fixed length control field 160627s2001 000 0 eng d
020 ## - INTERNATIONAL STANDARD BOOK NUMBER
International Standard Book Number 8484444309
040 ## - CATALOGING SOURCE
Original cataloging agency CO-CtgCURN
Language of cataloging spa
Transcribing agency coctgcurn
082 0# - DEWEY DECIMAL CLASSIFICATION NUMBER
Classification number 346.082
Item number J81e
100 1# - MAIN ENTRY--PERSONAL NAME
Personal name Juan y Mateu, Fernando.
245 13 - TITLE STATEMENT
Title La extincion de los contratos bancarios de apertura de credito /
Statement of responsibility, etc. Fernando Juan y Mateu.
260 ## - PUBLICATION, DISTRIBUTION, ETC.
Place of publication, distribution, etc. Granada :
Name of publisher, distributor, etc. Editorial Comares,
Date of publication, distribution, etc. 2001.
300 ## - PHYSICAL DESCRIPTION
Extent xxviii, 387 p.
336 ## - CONTENT TYPE
Source rdacontent
337 ## - MEDIA TYPE
Source rdamedia
Media type term sin mediacion
Media type code n
338 ## - CARRIER TYPE
Source rdacarrier
Carrier type term volumen
Carrier type code nc
490 1# - SERIES STATEMENT
Series statement Mercatura. Colección estudios de derecho mercantil ;
Volume/sequential designation 4
504 ## - BIBLIOGRAPHY, ETC. NOTE
Bibliography, etc. note Bibliografia (p. 371-387)
505 8# - FORMATTED CONTENTS NOTE
Formatted contents note Los contratos bancarios de apertura de credito.--Extincion del contrato de apertura de credito por transcurso del plazo convenido. Prorroga y renovacion del contrato de apertura de credito.--El desistimiento del acreditado en los contratos de apertura de credito.--Denuncia del banco por justa causa.--Denuncia del cliente acreditado por justa causa.--Efectos de la quiebra y suspension de pagos sobre el contrato de apertura de credito
650 #0 - SUBJECT ADDED ENTRY--TOPICAL TERM
Topical term or geographic name entry element Sistemas de credito
Geographic subdivision España.
650 #0 - SUBJECT ADDED ENTRY--TOPICAL TERM
Topical term or geographic name entry element Contratos
Geographic subdivision España.
650 #0 - SUBJECT ADDED ENTRY--TOPICAL TERM
Topical term or geographic name entry element Quiebra.
650 #0 - SUBJECT ADDED ENTRY--TOPICAL TERM
Topical term or geographic name entry element Prestamos bancarios.
908 ## - PUT COMMAND PARAMETER (RLIN)
Put command parameter 160627
942 ## - ADDED ENTRY ELEMENTS (KOHA)
Koha item type Libros
Classification part 346.082
Item part J81e
Source of classification or shelving scheme Dewey Decimal Classification
999 ## - SYSTEM CONTROL NUMBERS (KOHA)
-- 1
Existencias
Withdrawn status Lost status Source of classification or shelving scheme Damaged status Not for loan Home library Current library Shelving location Date acquired Total checkouts Full call number Barcode Date last seen Price effective from Koha item type
    Dewey Decimal Classification     Miguel Henríquez Castañeda Miguel Henríquez Castañeda General 03/04/2019   346.082 J81e 005286 03/04/2019 03/04/2019 Libros